Pride Valley Foods Ltd v Hall and Partners (Contract Management) Ltd (Record no. 66099)
[ view plain ]
| 000 -LEADER | |
|---|---|
| fixed length control field | 01499cam a2200253 4500 |
| 001 - CONTROL NUMBER | |
| control field | ABS63593 |
| 008 - FIXED-LENGTH DATA ELEMENTS--GENERAL INFORMATION | |
| fixed length control field | 000000n2000 000 0 eng u |
| 035 ## - SYSTEM CONTROL NUMBER | |
| System control number | (Sirsi) u110880 |
| 245 ## - TITLE STATEMENT | |
| Title | Pride Valley Foods Ltd v Hall and Partners (Contract Management) Ltd |
| 260 ## - PUBLICATION, DISTRIBUTION, ETC. | |
| Date of publication, distribution, etc. | 2000 |
| 490 ## - SERIES STATEMENT | |
| Series statement | Construction Law Journal |
| Volume/sequential designation | [2000] 16 Const.L.J. 6, 424-449(25) |
| 520 ## - SUMMARY, ETC. | |
| Summary, etc. | TCC 5 April 2000. Action by the claimant P against the defendant project managers for neligence, arising out of the loss of P's bakery. P alleged H had not fulfilled their duty of care to warn of potential fire hazards in the use of expanded polystyrene panels (ESP). P chose them because the panels were significantly cheaper than the material suggested by H. H conceded it was aware of the combustibility of ESP panels, but maintained that they had P appropriately and their advice was ignored. H had failed in their duty to advise P sufficiently of placing ovens next to ESP panels. However it was found P woud have disregarded that advice unless supported by a requirement from the planning or fire authorities, or his insurers. "Held" action dismissed. |
| 590 ## - LOCAL NOTE (RLIN) | |
| Local note | ABS |
| 650 ## - SUBJECT ADDED ENTRY--TOPICAL TERM | |
| Topical term or geographic name entry element | PRIDE VALLEY FOODS V HALL & PARTNERS |
| 650 ## - SUBJECT ADDED ENTRY--TOPICAL TERM | |
| Topical term or geographic name entry element | NEGLIGENCE |
| 650 ## - SUBJECT ADDED ENTRY--TOPICAL TERM | |
| Topical term or geographic name entry element | DUTY OF CARE |
| 650 ## - SUBJECT ADDED ENTRY--TOPICAL TERM | |
| Topical term or geographic name entry element | PROJECT MANAGERS |
| 650 ## - SUBJECT ADDED ENTRY--TOPICAL TERM | |
| Topical term or geographic name entry element | DUTY TO WARN |
| 650 ## - SUBJECT ADDED ENTRY--TOPICAL TERM | |
| Topical term or geographic name entry element | QUANTITY SURVEYORS |
| 650 ## - SUBJECT ADDED ENTRY--TOPICAL TERM | |
| Topical term or geographic name entry element | FIRE HAZARDS |
| 650 ## - SUBJECT ADDED ENTRY--TOPICAL TERM | |
| Topical term or geographic name entry element | EXPANDED POLYSTYRENE PANELS |
| 690 ## - LOCAL SUBJECT ADDED ENTRY--TOPICAL TERM (OCLC, RLIN) | |
| Topical term or geographic name as entry element | PROFESSIONAL PRACTICE-NEGLIGENCE-CASE LAW |
| 942 ## - ADDED ENTRY ELEMENTS (KOHA) | |
| Suppress in OPAC | 0 |
| Withdrawn status | Lost status | Source of classification or shelving scheme | Damaged status | Not for loan | Home library | Current library | Shelving location | Date acquired | Total Checkouts | Full call number | Barcode | Date last seen | Copy number | Price effective from | Koha item type |
|---|---|---|---|---|---|---|---|---|---|---|---|---|---|---|---|
| Dewey Decimal Classification | London | London | Journal article | 13/02/2001 | ABS63593 | 110880-1001 | 06/08/2019 | 1 | 06/08/2019 | Law report |